000 00742nam a2200265 i 4500
001 C2-0290146
003 PPAK
005 20180728022721.0
008 080924s2008 my a|||| ||||| | eng d
020 _a9789838324106
040 _aPPAK
_beng
_cPPAK
_erda
082 0 4 _a428.6
_223
090 0 0 _a428.6
_bKUM
_dK
100 0 _aKumara Velu,
_eauthor
245 1 4 _aThe secret preserver
264 1 _aKuala Lumpur :
_bPustaka Printis ,
_c2008
300 _a46 pages :
_billustrations ;
_c19 cm
336 _2rdacontent
_atext
337 _2rdamedia
_aunmediated
338 _2rdacarrier
_avolume
490 1 _aMission science fiction series
650 1 0 _aReaders - Fiction.
830 0 _aMission science fiction series
942 _ddc
_cB
999 _c95422
_d95422